| 000 | 00565nam a2200205Ia 4500 | ||
|---|---|---|---|
| 003 | LK-CoDNM | ||
| 005 | 20241216151440.0 | ||
| 008 | 121126t1963 xxu||||| |||| 00| 0 sin d | ||
| 040 |
_aLK-CoDNM _dLK-CoDNM _eLK-CoDNM |
||
| 041 | _asin | ||
| 080 |
_a8S-1 14/15 _bVET |
||
| 100 | _aRanasinghe .D.C | ||
| 245 | _aගුත්තිල කාව්යය | ||
| 246 | _aGuththila Kavyaya | ||
| 260 |
_bSusiri Pothhala _aColombo 10 _c1963 |
||
| 300 | _b157p. ; 18 cm | ||
| 650 | _a1963 | ||
| 650 | _aකාව්යය සංග්රහය | ||
| 942 | _cBK | ||
| 999 |
_c75158 _d75158 |
||